KOHA-Header-6

Compilers: Principles, Techniques, and Tools (Record no. 10165)

000 -LEADER
fixed length control field 00255nam a22001097a 4500
020 ## - INTERNATIONAL STANDARD BOOK NUMBER
ISBN 978-0321486813
082 ## - DEWEY DECIMAL CLASSIFICATION NUMBER
Classification number 005.2
100 ## - MAIN ENTRY--AUTHOR NAME
Personal name Alfred V. Aho
245 ## - TITLE STATEMENT
Title Compilers: Principles, Techniques, and Tools
260 ## - PUBLICATION, DISTRIBUTION, ETC. (IMPRINT)
Place of publication USA
Name of publisher Addison Wesley
942 ## - ADDED ENTRY ELEMENTS (KOHA)
Koha item type Books
Holdings
Withdrawn status Lost status Collection code Permanent Location Current Location Shelving location Date acquired Full call number Accession Number Koha item type
    Computer Science MAJU MAJU Shelf No.A32 2019-09-14 005.2 6667 Computer Science

Powered by Koha